[Event "Budapest SixDays 05 IM-A"]
[Site "Budapest"]
[Date "2025.05.17"]
[Round "6"]
[White "Nihal, Swarna"]
[Black "Szalay Ocsak, Bank"]
[Result "1-0"]
[WhiteElo "2228"]
[BlackElo "2148"]
[PlyCount "71"]
[EventDate "2025.05.14"]
[EventType "tourn"]
[EventRounds "9"]
[EventCountry "HUN"]
[SourceTitle "CB21_2025"]
[SourceDate "2025.05.21"]
[SourceVersion "1"]
[SourceVersionDate "2025.05.21"]
[SourceQuality "1"]

1. d4 d5 2. c4 dxc4 3. Nf3 Nf6 4. e3 Bg4 5. Bxc4 e6 6. Qb3 Bxf3 7. gxf3 c5 8. Nc3 Nbd7 9. d5 exd5 10. Nxd5 Nxd5 11. Bxd5 c4 12. Qxc4 Qf6 13. Bd2 Bd6 14. Bc3 Be5 15. Bxe5 Nxe5 16. Qb5+ Kf8 17. f4 Ng4 18. h3 Nh6 19. Qxb7 Rd8 20. Qb4+ Kg8 21. 0-0-0 Nf5 22. Bb3 Rc8+ 23. Kb1 h5 24. Qb7 Rf8 25. Qe4 Kh7 26. Qe5 Qxe5 27. fxe5 Re8 28. Bxf7 Rxe5 29. Rhg1 Nh4 30. Rd7 Rf8 31. Bc4 Rxf2 32. Rdxg7+ Kh6 33. Rg8 Re7 34. Bd3 Nf5 35. R8g6+ Kh7 36. R6g5 1-0

[Event "Budapest SixDays 05 IM-A"]
[Site "Budapest"]
[Date "2025.05.15"]
[Round "2"]
[White "Velavaa, Ragavesh"]
[Black "Szalay Ocsak, Bank"]
[Result "0-1"]
[WhiteElo "2107"]
[BlackElo "2148"]
[PlyCount "156"]
[EventDate "2025.05.14"]
[EventType "tourn"]
[EventRounds "9"]
[EventCountry "HUN"]
[SourceTitle "CB21_2025"]
[SourceDate "2025.05.21"]
[SourceVersion "1"]
[SourceVersionDate "2025.05.21"]
[SourceQuality "1"]

1. e4 c5 2. Nf3 g6 3. c3 d5 4. exd5 Qxd5 5. d4 Bg7 6. Na3 cxd4 7. Bc4 Qe4+ 8. Be3 Nh6 9. cxd4 0-0 10. 0-0 Bg4 11. Bxh6 Bxh6 12. Re1 Bxf3 13. Rxe4 Bxd1 14. Rxd1 Bg5 15. Re5 Bf6 16. Rb5 Nc6 17. d5 Nd8 18. g4 a6 19. Rb6 Be5 20. Be2 Bc7 21. Rb3 b5 22. Nc2 Bd6 23. Nd4 Nb7 24. Re3 Bc5 25. Bf3 Rae8 26. Re2 Bxd4 27. Rxd4 Nd6 28. Rd1 f6 29. Rc1 Nc4 30. Re6 Ne5 31. Bg2 Rc8 32. Rd1 Kf7 33. h3 Rc2 34. b3 Rfc8 35. f4 Rc1 36. Rxc1 Rxc1+ 37. Kf2 Rc2+ 38. Kg3 Rc3+ 39. Kh2 Nd3 40. Rc6 Rxc6 41. dxc6 Ke6 42. Kg3 Kd6 43. a3 b4 44. axb4 Nxb4 45. Bf1 a5 46. Bc4 g5 47. fxg5 fxg5 48. Kf3 Nxc6 49. Ke4 e6 50. Bb5 Ne5 51. Ba4 Nd7 52. Bb5 Nc5+ 53. Ke3 Nxb3 54. Bd3 h6 55. Bc2 Nc5 56. Kd4 e5+ 57. Kc4 Ne6 58. Be4 Nf4 59. h4 gxh4 60. Kb5 h3 61. Kxa5 h2 62. Kb4 Ne2 63. Kc4 Ng3 64. Bg2 h1Q 65. Bxh1 Nxh1 66. Kd3 Nf2+ 67. Ke3 Nxg4+ 68. Kf3 Kd5 69. Kxg4 Kd4 70. Kh3 e4 71. Kh2 e3 72. Kh3 e2 73. Kh2 e1Q 74. Kh3 Qe3+ 75. Kh4 Qg5+ 76. Kh3 Ke3 77. Kh2 Kf3 78. Kh3 Qg3# 0-1

[Event "Budapest SixDays 05 IM-A"]
[Site "Budapest"]
[Date "2025.05.14"]
[Round "1"]
[White "Pribelszky, Bence Daniel"]
[Black "Szalay Ocsak, Bank"]
[Result "0-1"]
[WhiteElo "2400"]
[BlackElo "2148"]
[PlyCount "66"]
[EventDate "2025.05.14"]
[EventType "tourn"]
[EventRounds "9"]
[EventCountry "HUN"]
[SourceTitle "CB21_2025"]
[SourceDate "2025.05.21"]
[SourceVersion "1"]
[SourceVersionDate "2025.05.21"]
[SourceQuality "1"]

1. e4 c6 2. Nf3 d5 3. e5 Bg4 4. Be2 e6 5. 0-0 Nd7 6. d4 Ne7 7. c3 c5 8. Na3 Nc6 9. Nc2 Be7 10. Be3 0-0 11. Nd2 Bf5 12. f4 Qb6 13. b4 cxb4 14. Rb1 Rfc8 15. Nb3 a5 16. g4 Be4 17. a4 Qd8 18. Bd3 bxc3 19. f5 Bg5 20. Bxe4 dxe4 21. fxe6 fxe6 22. d5 Nb4 23. dxe6 Nxe5 24. Bd4 Nxc2 25. Qxc2 Nf3+ 26. Rxf3 exf3 27. Qf5 Bf6 28. Bc5 c2 29. Rf1 Rxc5 30. Qxc5 Rc8 31. Qf5 Qb6+ 32. Kh1 Qxb3 33. e7 c1Q 0-1

[Event "Budapest Vezerkepzo IM 04"]
[Site "Budapest"]
[Date "2025.04.24"]
[Round "3"]
[White "Szalay Ocsak, Bank"]
[Black "Neverov, Valeriy"]
[Result "0-1"]
[WhiteElo "2126"]
[BlackElo "2426"]
[PlyCount "38"]
[EventDate "2025.04.22"]
[EventType "tourn"]
[EventRounds "9"]
[EventCountry "HUN"]
[SourceTitle "CB20_2025"]
[SourceDate "2025.05.14"]
[SourceVersion "1"]
[SourceVersionDate "2025.05.14"]
[SourceQuality "1"]

1. e4 e5 2. Nf3 Nc6 3. Bc4 Bc5 4. d3 Nf6 5. Nc3 d6 6. Na4 Bb6 7. h3 Be6 8. Bxe6 fxe6 9. 0-0 0-0 10. c3 h6 11. Nxb6 axb6 12. b4 b5 13. Qb3 Qe8 14. Kh2 Nh5 15. Ng1 Qg6 16. Qc2 Rf6 17. Be3 d5 18. a4 d4 19. Bd2 Rxf2 0-1

[Event "Budapest Vezerkepzo IM 04"]
[Site "Budapest"]
[Date "2025.04.23"]
[Round "2"]
[White "Lad, Mandar Pradip"]
[Black "Szalay Ocsak, Bank"]
[Result "1/2-1/2"]
[WhiteElo "2375"]
[BlackElo "2126"]
[PlyCount "77"]
[EventDate "2025.04.22"]
[EventType "tourn"]
[EventRounds "9"]
[EventCountry "HUN"]
[SourceTitle "CB20_2025"]
[SourceDate "2025.05.14"]
[SourceVersion "1"]
[SourceVersionDate "2025.05.14"]
[SourceQuality "1"]

1. d4 d5 2. c4 dxc4 3. e4 e5 4. Nf3 Bb4+ 5. Nc3 exd4 6. Qxd4 Nf6 7. Qxd8+ Kxd8 8. Bxc4 Be6 9. Bxe6 fxe6 10. Bd2 Ke7 11. a3 Bxc3 12. Bxc3 c5 13. Nd2 Nc6 14. f3 Rhd8 15. Rc1 Rac8 16. Bxf6+ gxf6 17. Rxc5 Ne5 18. Rxc8 Rxc8 19. Ke2 Rc2 20. b3 b5 21. Ra1 Rb2 22. Ke3 a5 23. a4 b4 24. Rc1 Kd7 25. Rc5 Nc6 26. Rh5 e5 27. Rxh7+ Ke6 28. g3 Nd4 29. f4 Rc2 30. f5+ Kd6 31. Nc4+ Kc6 32. Nxa5+ Kb6 33. Nc4+ Rxc4 34. bxc4 b3 35. c5+ Kc6 36. Rh8 Kc7 37. Rh7+ Kc6 38. Rh8 Kc7 39. Rh7+ 1/2-1/2

[Event "Titled Tuesday intern op 25th Feb Early"]
[Site "Chess.com INT"]
[Date "2025.02.25"]
[Round "3"]
[White "Naroditsky, Daniel"]
[Black "Szalay Ocsak, Bank"]
[Result "1-0"]
[WhiteElo "2619"]
[BlackElo "2102"]
[PlyCount "83"]
[EventDate "2025.02.25"]
[EventType "swiss (blitz)"]
[EventRounds "11"]
[EventCountry "USA"]
[SourceTitle "CB10_2025"]
[SourceDate "2025.03.05"]
[SourceVersion "1"]
[SourceVersionDate "2025.03.05"]
[SourceQuality "1"]

1. e4 c5 2. Nf3 e6 3. g3 d5 4. exd5 exd5 5. d4 Nc6 6. Bg2 Nf6 7. 0-0 Be7 8. Nc3 0-0 9. dxc5 Bxc5 10. Bg5 Be6 11. Nd2 d4 12. Nce4 Be7 13. Bxf6 Bxf6 14. Nc5 Qe7 15. Nxe6 Qxe6 16. Re1 Qd7 17. Ne4 Be7 18. Qh5 Rad8 19. Rad1 g6 20. Qh6 Rfe8 21. h4 f5 22. Ng5 Bxg5 23. Qxg5 Rxe1+ 24. Rxe1 Re8 25. Rd1 Qd8 26. Qf4 Qb6 27. h5 Qxb2 28. Bd5+ Kg7 29. h6+ Kf6 30. Qd6+ Kg5 31. Qf4+ Kf6 32. Bxc6 bxc6 33. Rxd4 Re7 34. Rd6+ Kf7 35. Qc4+ Kf8 36. Rd8+ Re8 37. Rxe8+ Kxe8 38. Qg8+ Ke7 39. Qxh7+ Kd8 40. Qg8+ Kc7 41. Qg7+ Qxg7 42. hxg7 1-0

[Event "Titled Tuesday intern op 25th Feb Early"]
[Site "Chess.com INT"]
[Date "2025.02.25"]
[Round "11"]
[White "Szalay Ocsak, Bank"]
[Black "Dicen, Elis Denele"]
[Result "1-0"]
[WhiteElo "2102"]
[BlackElo "2129"]
[PlyCount "159"]
[EventDate "2025.02.25"]
[EventType "swiss (blitz)"]
[EventRounds "11"]
[EventCountry "USA"]
[SourceTitle "CB10_2025"]
[SourceDate "2025.03.05"]
[SourceVersion "1"]
[SourceVersionDate "2025.03.05"]
[SourceQuality "1"]

1. e4 c5 2. Nf3 d6 3. d4 cxd4 4. Nxd4 Nf6 5. Nc3 a6 6. h3 e5 7. Nb3 Be7 8. Be3 Be6 9. f4 exf4 10. Bxf4 Nc6 11. Qe2 Qc7 12. 0-0-0 Ne5 13. Nd4 Bd7 14. g4 Bc6 15. Nf5 0-0 16. g5 Ne8 17. h4 f6 18. Bh3 Ng6 19. Be3 Ne5 20. Rdg1 g6 21. h5 gxf5 22. gxf6+ Kh8 23. fxe7 Qxe7 24. Bxf5 Nf6 25. h6 Rg8 26. Rg7 Rxg7 27. hxg7+ Qxg7 28. Rg1 Qf7 29. Bg5 Rg8 30. Qh2 Rg7 31. Qh4 Nf3 32. Bxf6 Nxh4 33. Bxg7+ Kg8 34. Be5+ Ng6 35. Bxd6 Qc4 36. Bxg6 hxg6 37. Rxg6+ Kf7 38. Rg1 Qd4 39. Rf1+ Ke6 40. e5 Qe3+ 41. Kb1 Bb5 42. Rf6+ Kd7 43. a4 Qe1+ 44. Ka2 Bc4+ 45. Ka3 Qa1+ 46. Kb4 Be6 47. Kc5 Qxb2 48. Rf3 Qc1 49. Kd4 Qg1+ 50. Re3 Qg4+ 51. Ne4 Qd1+ 52. Rd3 Qa1+ 53. Ke3 Ke8 54. Nc5 Qe1+ 55. Kd4 Qf2+ 56. Kc3 Qe1+ 57. Rd2 Qe3+ 58. Rd3 Qe1+ 59. Kb2 Kf7 60. Nxb7 Bd7 61. Nc5 Be6 62. Nxe6 Kxe6 63. Bc5 Qa5 64. Rd6+ Kf7 65. Rd7+ Ke8 66. Re7+ Kd8 67. Bd6 Qxa4 68. Rc7 Qb5+ 69. Kc3 Qa5+ 70. Kd4 Qa4+ 71. Rc4 Qa1+ 72. Kd5 Qd1+ 73. Kc6 Qh1+ 74. Kb6 a5 75. e6 Qd5 76. e7+ Kd7 77. Rc7+ Kxd6 78. e8Q Qd4+ 79. Kb7 Qb4+ 80. Kc8 1-0

[Event "Titled Tuesday intern op 04th Feb Late"]
[Site "Chess.com INT"]
[Date "2025.02.04"]
[Round "6"]
[White "Szalay Ocsak, Bank"]
[Black "Kalyani, Sirin"]
[Result "0-1"]
[WhiteElo "2102"]
[BlackElo "2149"]
[PlyCount "120"]
[EventDate "2025.02.04"]
[EventType "swiss (blitz)"]
[EventRounds "11"]
[EventCountry "USA"]
[SourceTitle "CB07_2025"]
[SourceDate "2025.02.12"]
[SourceVersion "1"]
[SourceVersionDate "2025.02.12"]
[SourceQuality "1"]

1. e4 e5 2. Nf3 Nc6 3. Nc3 Nf6 4. d4 exd4 5. Nxd4 Bb4 6. Nxc6 bxc6 7. Bd3 0-0 8. 0-0 d5 9. exd5 cxd5 10. h3 c6 11. Qf3 Bd6 12. Bf4 Rb8 13. b3 Rb4 14. Bxd6 Qxd6 15. Rfe1 Be6 16. Rad1 Rf4 17. Qg3 Nh5 18. Qg5 g6 19. Ne2 Rb4 20. c4 Qd8 21. Qxd8 Rxd8 22. cxd5 Rxd5 23. Nc3 Rd7 24. Na4 Rbd4 25. Be2 Nf4 26. Rxd4 Rxd4 27. Bf3 Rd2 28. Nc3 Nd3 29. Rd1 Rxd1+ 30. Nxd1 Ne5 31. Be2 c5 32. Nc3 c4 33. f4 cxb3 34. axb3 Nc6 35. Bc4 Bxc4 36. bxc4 Kf8 37. Kf2 Ke7 38. Ke3 Kd6 39. Ke4 Kc5 40. Kd3 Nb4+ 41. Ke4 Kxc4 42. Na4 a5 43. Ke5 Nd3+ 44. Kf6 Nxf4 45. g4 Nxh3 46. Kxf7 Nf2 47. g5 Ne4 48. Kg7 Nxg5 49. Kh6 Ne4 50. Kxh7 g5 51. Kh6 g4 52. Kh5 g3 53. Nb2+ Kb3 54. Nd1 a4 55. Kg4 a3 56. Kf3 a2 57. Kxe4 a1Q 58. Ne3 Qe1 59. Kf3 Qf2+ 60. Ke4 g2 0-1

[Event "Titled Tuesday intern op 28th Jan Early"]
[Site "Chess.com INT"]
[Date "2025.01.28"]
[Round "2"]
[White "Chakrabarti, Brejesh"]
[Black "Szalay Ocsak, Bank"]
[Result "1-0"]
[WhiteElo "2259"]
[BlackElo "2147"]
[PlyCount "49"]
[EventDate "2025.01.28"]
[EventType "swiss (blitz)"]
[EventRounds "11"]
[EventCountry "USA"]
[SourceTitle "CB06_2025"]
[SourceDate "2025.02.05"]
[SourceVersion "1"]
[SourceVersionDate "2025.02.05"]
[SourceQuality "1"]

1. c4 Nf6 2. g3 g6 3. Nf3 Bg7 4. Bg2 0-0 5. 0-0 c6 6. b3 d5 7. Bb2 Nbd7 8. d3 Re8 9. Nbd2 e5 10. Qc2 b6 11. cxd5 cxd5 12. e4 Bb7 13. Rac1 dxe4 14. Nxe4 Nxe4 15. dxe4 Rc8 16. Qb1 Nc5 17. Rfd1 Qe7 18. Ba3 h6 19. Ne1 Qe6 20. Bxc5 bxc5 21. Bf1 Qc6 22. f3 Red8 23. Bc4 Rd4 24. Nc2 Rxe4 25. Bd5 1-0

[Event "Budapest Vezerkepzo All Saints"]
[Site "Budapest"]
[Date "2024.11.15"]
[Round "3"]
[White "Szalay Ocsak, Bank"]
[Black "Munkhgal, Gombosuren"]
[Result "1-0"]
[WhiteElo "2156"]
[BlackElo "2392"]
[PlyCount "89"]
[EventDate "2024.11.13"]
[EventType "tourn"]
[EventRounds "9"]
[EventCountry "HUN"]
[SourceTitle "CB48_2024"]
[SourceDate "2024.11.28"]
[SourceVersion "1"]
[SourceVersionDate "2024.11.28"]
[SourceQuality "1"]

1. e4 e6 2. d4 d5 3. Nc3 Bb4 4. e5 c5 5. a3 Bxc3+ 6. bxc3 Ne7 7. Nf3 h6 8. h4 b6 9. Bb5+ Kf8 10. Bd3 Ba6 11. h5 Qc7 12. 0-0 Nec6 13. Nh4 Bxd3 14. Qxd3 Ne7 15. a4 Nd7 16. Ba3 Rc8 17. f4 f5 18. exf6 Nxf6 19. Rae1 Qd7 20. dxc5 bxc5 21. f5 Qxa4 22. c4 Qxc4 23. Qxc4 dxc4 24. fxe6 Ke8 25. Re5 Rc6 26. Rxc5 Rxe6 27. Rc7 Rg8 28. Rb1 Nfd5 29. Rxa7 Kf7 30. Rf1+ Ke8 31. Rb1 Kf7 32. Nf5 Rd8 33. Nxe7 Nxe7 34. Rbb7 Rd1+ 35. Kf2 Rd2+ 36. Kf3 Rxc2 37. Bxe7 Ree2 38. Bh4+ Kf8 39. Rf7+ Ke8 40. Rxg7 Kf8 41. Rh7 Kg8 42. Rhc7 Re8 43. Rg7+ Kh8 44. Rh7+ Kg8 45. Bf6 1-0

[Event "Budapest Vezerkepzo Haag IM-B 11"]
[Site "Budapest"]
[Date "2024.11.06"]
[Round "4"]
[White "Samhita, Pungavanam"]
[Black "Szalay Ocsak, Bank"]
[Result "0-1"]
[WhiteElo "1752"]
[BlackElo "2156"]
[PlyCount "76"]
[EventDate "2024.11.04"]
[EventType "tourn"]
[EventRounds "9"]
[EventCountry "HUN"]
[SourceTitle "CB45_2024"]
[Source "ChessBase"]
[SourceDate "2024.11.06"]
[SourceVersion "1"]
[SourceVersionDate "2024.11.06"]
[SourceQuality "1"]

1. e4 Nf6 2. e5 Nd5 3. d4 d6 4. Nf3 dxe5 5. Nxe5 c6 6. Bc4 Nd7 7. 0-0 Nxe5 8. dxe5 Bf5 9. Bxd5 cxd5 10. Nc3 e6 11. Be3 h5 12. Qe2 Be7 13. Qb5+ Qd7 14. Qxd7+ Kxd7 15. Rac1 Rhc8 16. Rfd1 h4 17. h3 g5 18. f3 Rc4 19. Bd4 Rxd4 20. Rxd4 Bc5 21. Ne2 f6 22. Kf1 Bxd4 23. Nxd4 fxe5 24. Nxf5 exf5 25. Ke2 Rc8 26. Kd3 Ke6 27. Re1 e4+ 28. fxe4 dxe4+ 29. Kd2 Ke5 30. c3 f4 31. Ke2 Rd8 32. Rc1 e3 33. Rc2 Ke4 34. a3 g4 35. hxg4 h3 36. gxh3 f3+ 37. Ke1 f2+ 38. Ke2 Rd1 0-1

[Event "Budapest Vezerkepzo Haag IM-B 11"]
[Site "Budapest"]
[Date "2024.11.06"]
[Round "3"]
[White "Szalay Ocsak, Bank"]
[Black "Wang, Hao3"]
[Result "0-1"]
[WhiteElo "2156"]
[BlackElo "2095"]
[PlyCount "114"]
[EventDate "2024.11.04"]
[EventType "tourn"]
[EventRounds "9"]
[EventCountry "HUN"]
[SourceTitle "CB45_2024"]
[Source "ChessBase"]
[SourceDate "2024.11.06"]
[SourceVersion "1"]
[SourceVersionDate "2024.11.06"]
[SourceQuality "1"]

1. e4 c5 2. Nf3 d6 3. Bb5+ Nd7 4. 0-0 a6 5. Bxd7+ Qxd7 6. a4 b6 7. c4 Bb7 8. Nc3 Nf6 9. d3 h6 10. Qb3 Qc6 11. a5 bxa5 12. d4 Nd7 13. d5 Qc7 14. Re1 g6 15. Bf4 Bg7 16. Re2 0-0 17. Rae1 e5 18. dxe6 fxe6 19. Bg3 Rxf3 20. gxf3 Ne5 21. Re3 Rf8 22. f4 Nc6 23. Ne2 Ba8 24. Rd1 Rb8 25. Qd3 Bd4 26. e5 Kf7 27. exd6 Qb7 28. Qe4 Qd7 29. f5 gxf5 30. Qh4 Bxe3 31. fxe3 Rg8 32. Kf2 e5 33. Rd5 Nb4 34. Qh5+ Rg6 35. Rxe5 Nd3+ 36. Kf1 Nxe5 37. Bxe5 Qe6 38. Bc3 Kf8 39. Nf4 Qxc4+ 40. Kf2 Rxd6 41. Qxf5+ Ke8 42. Qc8+ Rd8 43. Qf5 Qe4 44. Qh5+ Kd7 45. Qh3+ Kc6 46. Qxh6+ Kb5 47. Qh5 Bc6 48. Qe2+ Kb6 49. Qh5 Re8 50. Bd2 Qc2 51. Ke1 Qb1+ 52. Kf2 Qxb2 53. Ke1 Qb1+ 54. Kf2 Qe4 55. Qd1 a4 56. h4 Rf8 57. Qe2 Qh1 0-1

[Event "Tatran Cup 70th"]
[Site "Tatranske Matliare"]
[Date "2024.10.06"]
[Round "2"]
[White "Czajkowski, Ryszard"]
[Black "Szalay Ocsak, Bank"]
[Result "1/2-1/2"]
[WhiteElo "1972"]
[BlackElo "2195"]
[PlyCount "148"]
[EventDate "2024.10.05"]
[EventType "swiss"]
[EventRounds "8"]
[EventCountry "SVK"]
[SourceTitle "CB45_2024"]
[Source "ChessBase"]
[SourceDate "2024.11.06"]
[SourceVersion "1"]
[SourceVersionDate "2024.11.06"]
[SourceQuality "1"]

1. d4 Nf6 2. c4 e6 3. Nc3 Bb4 4. e3 0-0 5. Bd3 Re8 6. Nge2 d5 7. a3 Bf8 8. 0-0 Nbd7 9. e4 dxe4 10. Nxe4 b6 11. Bg5 Bb7 12. Qc2 h6 13. Bh4 Be7 14. Rad1 Qc8 15. Nxf6+ Nxf6 16. f3 c5 17. Bf2 Bf8 18. Rd2 a6 19. Rfd1 cxd4 20. Nxd4 e5 21. Bf5 Qc7 22. Nb3 g6 23. Bh3 Rad8 24. Qc3 Rxd2 25. Nxd2 Bc5 26. Bxc5 Qxc5+ 27. Kf1 Rd8 28. Re1 Qd6 29. Re2 h5 30. Ke1 e4 31. Nxe4 Nxe4 32. fxe4 Qxh2 33. Qe3 Qh1+ 34. Kf2 Rd1 35. Kg3 Qf1 36. Qf3 Qxf3+ 37. gxf3 Rd3 38. Bf1 g5 39. Kf2 Rb3 40. Rd2 g4 41. Be2 g3+ 42. Kxg3 Bxe4 43. Kf4 Bg6 44. c5 bxc5 45. Bxa6 Kg7 46. Bc4 Rb6 47. b3 Rf6+ 48. Kg3 h4+ 49. Kxh4 Rxf3 50. Kg4 Rc3 51. Kf4 Bc2 52. Rg2+ Kf6 53. Rg3 Rxg3 54. Kxg3 Ke7 55. Kf4 f6 56. Ke3 Kd6 57. Kd2 Be4 58. Ke3 Bg2 59. Kf4 Kc7 60. Kf5 Kb6 61. Kxf6 Be4 62. Ke5 Bc2 63. Kf4 Bd1 64. Ke3 Bc2 65. Kd2 Be4 66. Kc3 Bg2 67. Kd2 Be4 68. Ke3 Bc2 69. Kf4 Bd1 70. Ke5 Bc2 71. Kd6 Bd1 72. a4 Bc2 73. a5+ Kxa5 74. Kxc5 Bxb3 1/2-1/2